Hachiko : (Record no. 692)

MARC details
000 -LEADER
fixed length control field 01529cgm a22002773a 4500
005 - DATE AND TIME OF LATEST TRANSACTION
control field 20260322212030.0
007 - PHYSICAL DESCRIPTION FIXED FIELD--GENERAL INFORMATION
fixed length control field data
008 - FIXED-LENGTH DATA ELEMENTS--GENERAL INFORMATION
fixed length control field data
010 ## - LIBRARY OF CONGRESS CONTROL NUMBER
LC control number 2010604848
040 ## - CATALOGING SOURCE
Original cataloging agency DLC
Transcribing agency DLC
Description conventions amim
Modifying agency DLC
050 00 - LIBRARY OF CONGRESS CALL NUMBER
Classification number DVC 1508 (viewing copy)
090 ## - LOCALLY ASSIGNED LC-TYPE CALL NUMBER (OCLC); LOCAL CALL NUMBER (RLIN)
Classification number (OCLC) (R) ; Classification number, CALL (RLIN) (NR) DVD 896
001 - CONTROL NUMBER
control field data
245 10 - TITLE STATEMENT
Title Hachiko :
Remainder of title a dog's story /
257 ## - COUNTRY OF PRODUCING ENTITY
Country of producing entity United States.
260 ## - PUBLICATION, DISTRIBUTION, ETC.
Date of publication, distribution, etc. 2008.
300 ## - PHYSICAL DESCRIPTION
Materials specified viewing copy.
Extent 1 videodisc of 1 (DVD-R) (92 min., 58 sec.) :
Other physical details sd., col. ;
Dimensions 4 3/4 in.
500 ## - GENERAL NOTE
General note Sources used: videodisc container; Copyright catalog online; Copyright description.
511 1# - PARTICIPANT OR PERFORMER NOTE
Participant or performer note Richard Gere, Joan Allen, Cary-Hiroyuki Tagawa.
520 ## - SUMMARY, ETC.
Summary, etc. "This heartwarming film is an American adaptation of a famous Japanese tale about a loyal Akita dog named Hachiko. This special dog, nicknamed 'Hachi,' accompanies his master Parker, a university professor, to the train station every morning to see him off and then returns to the station each afternoon to greet him at the end of his day. The emotionally complex nature of what unfolds when their uncomplicated routine becomes uninterrupted is what makes Hachi's story a tale for the ages; a dog's faithful devotion to his master exposes the great power of love and how this simplest of acts can become the grand gesture of all"--Copyright descriptive material.
655 #7 - INDEX TERM--GENRE/FORM
Genre/form data or focus term Feature films.
Source of term lcgft
655 #7 - INDEX TERM--GENRE/FORM
Genre/form data or focus term Fiction films.
Source of term lcgft
720 2# - ADDED ENTRY--UNCONTROLLED NAME
Name Copyright Collection (Library of Congress)
Institution to which field applies DLC
906 ## - LOCAL DATA ELEMENT F, LDF (RLIN)
a 0
b cbc
c orignew
d u
e ncip
f 20
g y-movingim
Holdings
Withdrawn status Lost status Damaged status Not for loan Home library Current library Shelving location Date acquired Total checkouts Full call number Barcode Date last seen Price effective from Koha item type
        Franklin Franklin General stacks 22/03/2026   DVC 1508 (viewing copy) BC0010709 22/03/2026 22/03/2026 Books